01286nam a2200229Ia 4500001000600000003000900006008004100015040001300056040001300069041001300082100001700095100002900112245007200141245007200213250001100285260002800296260004900324300004100373500056900414650004200983650003101025D4705IT-RoPAU130308s9999 xx 000 0 und d aIT-RoPAU cIT-RoPAU aITALIANO aSassi Silvio gCodice Aut. SPICS: 9119 a"Comunicazione come ""cultura"": profili della comunicazione, oggi" b"Comunicazione Come ""Cultura"": profili della Comunicazione, Oggi" a1a ed. bEdizioni Vivere In/Roma c1995 [1° Ed.:1995 - Ed.Ling.Originale:1995] a"14 p. (prefazione: no ; testo: 14)" aProfilo della Comunicazione Odierna. Comunicazione Come somma di Tecnologie. Comunicazione Come Industria. Comunicazione Come insieme di Linguaggi Specifici: mezzo e Messaggio, Informazione e Commento, Punto di Vista e Visione totale, Natura e Cultura, Parola e Immagine, Linearità e Associazione, Logica e Successione, Momentaneo e Duraturo, presente Passato e Futuro, Univocità e Pluralità, Realtà e Finzione, presenza Corporea e presenza Mediale, Monosemia e Polisemia. Comunicazione Come progetto di Società. conseguenze per la Comunità Ecclesiale. aSAGGI PASTORALE COMUNICAZIONE SOCIALE eCodice materia Spics: 9311